| 000 | 01386nam a2200409 c 4500 | ||
|---|---|---|---|
| 001 | 17207 | ||
| 003 | ES-MaCES | ||
| 005 | 20150929135453.0 | ||
| 008 | 050119s2004 sp t 000 | spa d | ||
| 017 |
_aV 3728-2004 _bDL |
||
| 020 | _a8484561259 | ||
| 035 | _aCES20050000426m | ||
| 040 |
_aES-MaCES _bspa _cES-MaCES |
||
| 100 | 1 |
_aLombardo, Emanuela _916770 |
|
| 245 | 1 | 3 |
_aLa europeización de la política española de igualdad de género _cEmanuela Lombardo |
| 260 |
_aValencia _bTirant lo Blanch _c2004 |
||
| 300 |
_a191 p. _c22 cm |
||
| 490 | 0 |
_aCiencia Política _v17 |
|
| 500 | _aEn la cub.: Seminario Interdisciplinar de Estudios de la Mujer, Universidad de Zaragoza | ||
| 504 | _aBibliografía: p. 173-186 | ||
| 541 | _cCompra | ||
| 650 | 4 |
_amujeres _928657 |
|
| 650 | 4 |
_aigualdad de oportunidades _927183 |
|
| 650 | 4 |
_aproceso afirmativo _929856 |
|
| 650 | 4 |
_apolítica social _927029 |
|
| 650 | 4 |
_apolítica comunitaria _930776 |
|
| 650 | 4 |
_aDirectiva de la CE _929873 |
|
| 650 | 4 |
_aarmonización _929884 |
|
| 650 | 4 |
_aEspaña _926964 |
|
| 653 | 1 | 0 | _aMujer |
| 650 | 4 |
_926752 _aUE |
|
| 710 | 2 |
_aUniversidad de Zaragoza _bSeminario Interdisciplinar de Estudios de la Mujer _95357 |
|
| 830 | 0 |
_aCiencia política (Tirant lo Blanch (Firma)) _v17 _933149 |
|
| 902 | _aLIB Libro | ||
| 942 |
_2CES _cBK _h3.3. |
||
| 999 |
_c17207 _d17207 |
||